00684nam a2200193Ia 4500003000900000008004100009020002700050022002200077022002300099040001600122100002500138245010900163260003100272300001000303490002800313700001800341700002300359856010800382IN-BaIIA211028s9999 xx s 000 0 eng d a2-86883-902-9 (Online) a1633-4760 (Print) a1638-1963 (Online) cIIA Library aCarbillet, M., ed.  0aAstronomy with High Contrast Imaging III: Instrumental Techniques, Modeling and Data Processingh[eBook] aFrancebEDP Sciencesc2006 a397p. aEAS Publications Series aAime, C., ed. aFerrari, A., ed.  uhttps://www.eas-journal.org/articles/eas/abs/2006/05/contents/contents.htmlyClick Here to Access eBook